000 00657nam a2200217 i 4500
001 86167
003 ES-MaACL
005 20230906175405.0
007 t|
008 041209s1949 sp ||||1| spa d
100 1 _aKersh, Gerald.
_967938
245 1 3 _aLa canción de la pulga /
_cpor Gerald Kersh ; [traducción del inglés por Juan G. de Luaces].
250 _a[1ª ed.].
260 _aBarcelona :
_bJosé Janés,
_c[1949] (
_fMiguza)
300 _a355 p. ;
_c17 cm.
490 1 _aManantial que no cesa
700 0 _aLuaces, Juan G. de.
_974483
830 0 _aManantial que no cesa
_9181138
852 _aES-MaACL
_jB-6435
999 _c86167
_d86167